000 00395nam a2200145Ia 4500
008 211109s9999||||xx |||||||||||||| ||und||
082 _a822.33
_bSHA-M
100 _aShakespeare, William
245 0 _aMerchant of Venice
260 _bLearners Bok House
_aBangalore
_c1938
300 _a189p.
630 _xGeneral Stack
650 _aEnglish Literature
_vEnglish Drama
_xEnglish
942 _cBOOK
999 _c10107
_d10107